[Event "Olympiad-41"]
[Site "Tromsoe"]
[Date "2014.08.11"]
[Round "9.1"]
[White "Leitao, Rafael Duailibe"]
[Black "Kovalyov, Anton"]
[Result "1/2-1/2"]
[WhiteElo "2649"]
[BlackElo "2622"]
[PlyCount "109"]
[GameId "1166658490052608"]
[EventDate "2014.08.02"]
[EventType "team-swiss"]
[EventRounds "11"]
[EventCountry "NOR"]
[SourceTitle "CBM 162"]
[Source "ChessBase"]
[SourceDate "2014.09.17"]
[SourceVersion "1"]
[SourceVersionDate "2014.09.17"]
[SourceQuality "1"]
[WhiteTeam "Brazil"]
[BlackTeam "Canada"]
[WhiteTeamCountry "BRA"]
[BlackTeamCountry "CAN"]

1. d4 Nf6 2. c4 e6 3. Nf3 b6 4. g3 c6 5. Bg2 d5 6. O-O Be7 7. Qc2 O-O 8. Rd1 Nbd7 9. b3 a5 10. Nbd2 Bb7 11. e4 a4 12. Bb2 a3 13. Bc3 Qb8 14. e5 Ne8 15. b4 dxc4 16. Nxc4 Nc7 17. Rab1 Rd8 18. Bd2 h6 19. Rb3 Nb5 20. Qb1 Ra4 21. Rc1 Qa8 22. Be3 c5 23. bxc5 Be4 24. Qa1 Bxf3 25. Bxf3 Qxf3 26. Rxb5 bxc5 27. dxc5 Qe2 28. c6 Rxc4 29. Re1 Qf3 30. cxd7 Rxd7 31. Rb8+ Kh7 32. Qb1+ Qe4 33. Qb5 Rcd4 34. Qb1 Rd3 35. Rb3 Qf5 36. Rxd3 Rxd3 37. Qb7 Bd8 38. Qb1 Ba5 39. Rd1 Rxd1+ 40. Qxd1 Bc3 41. Bc5 Bb2 42. Qb3 Qxe5 43. Bxa3 Qe1+ 44. Kg2 Qe4+ 45. Kg1 Bd4 46. Qd1 e5 47. Bc1 f5 48. a4 Qb1 49. Qd2 Qb3 50. a5 Qf3 51. a6 Qc6 52. Bb2 Qxa6 53. Bxd4 exd4 54. Qxd4 Qc6 55. h4 1/2-1/2

[Event "Olympiad-41"]
[Site "Tromsoe"]
[Date "2014.08.14"]
[Round "11.1"]
[White "Sadorra, Julio Catalino"]
[Black "Kovalyov, Anton"]
[Result "1/2-1/2"]
[WhiteElo "2590"]
[BlackElo "2622"]
[PlyCount "77"]
[GameId "1166658492854272"]
[EventDate "2014.08.02"]
[EventType "team-swiss"]
[EventRounds "11"]
[EventCountry "NOR"]
[SourceTitle "CBM 162"]
[Source "ChessBase"]
[SourceDate "2014.09.17"]
[SourceVersion "1"]
[SourceVersionDate "2014.09.17"]
[SourceQuality "1"]
[WhiteTeam "Philippines"]
[BlackTeam "Canada"]
[WhiteTeamCountry "PHI"]
[BlackTeamCountry "CAN"]

1. d4 Nf6 2. c4 e6 3. Nc3 Bb4 4. e3 O-O 5. Nge2 d5 6. a3 Be7 7. cxd5 Nxd5 8. Bd2 Nd7 9. g3 c6 10. Bg2 b5 11. O-O Bb7 12. Qc2 a5 13. Rfc1 Rc8 14. Qd1 Qb6 15. b4 axb4 16. Nxd5 cxd5 17. Bxb4 Bxb4 18. axb4 Rc4 19. Qd2 Rfc8 20. Nf4 Rxc1+ 21. Rxc1 Rxc1+ 22. Qxc1 Qc6 23. Qa3 Qa6 24. Qc3 Qc6 25. Qa3 Qa6 26. Qc1 Qc6 27. Qd1 Qc3 28. Nd3 Nf6 29. Bf1 Ne4 30. Qh5 Qc7 31. Nc5 Nxc5 32. dxc5 Bc6 33. Bd3 h6 34. Qe2 Qd7 35. Qb2 f6 36. f4 Kf7 37. Qe2 Kf8 38. Qg4 e5 39. Qxd7 1/2-1/2

[Event "Richardson UTD Fall op"]
[Site "Richardson"]
[Date "2014.11.22"]
[Round "2"]
[White "Ynojosa Aponte, Felix Jose"]
[Black "Kovalyov, Anton"]
[Result "0-1"]
[WhiteElo "2439"]
[BlackElo "2617"]
[PlyCount "74"]
[GameId "1166658925068288"]
[EventDate "2014.11.21"]
[EventType "swiss"]
[EventRounds "9"]
[EventCountry "USA"]
[SourceTitle "CBM 163 Extra"]
[Source "ChessBase"]
[SourceDate "2014.12.23"]
[SourceVersion "1"]
[SourceVersionDate "2014.12.23"]
[SourceQuality "1"]

1. e4 c5 2. c3 Nf6 3. e5 Nd5 4. d4 cxd4 5. cxd4 d6 6. Nf3 e6 7. Nc3 Nxc3 8. bxc3 Qc7 9. Bd2 Nd7 10. exd6 Bxd6 11. Bd3 b6 12. Ng5 Bb7 13. Nxh7 Nf6 14. Nxf6+ gxf6 15. Bf1 Ke7 16. a4 Rag8 17. a5 b5 18. h3 a6 19. c4 bxc4 20. Rc1 Bd5 21. Qa4 Qb7 22. Bxc4 Bxg2 23. Rg1 Rxh3 24. d5 Qb2 25. Qa1 Qxa1 26. Rxa1 Bxd5 27. Rxg8 Rh1+ 28. Bf1 Bc4 29. Bc3 Rxf1+ 30. Kd2 Bf4+ 31. Kc2 Rxf2+ 32. Kd1 e5 33. Rb1 Ke6 34. Rb6+ Kf5 35. Rc8 Bd3 36. Be1 Ra2 37. Bc3 Be2+ 0-1

[Event "Pan American Intercollegiate-chT"]
[Site "South Padre Island"]
[Date "2014.12.28"]
[Round "2.4"]
[White "Kovalyov, Anton"]
[Black "Shvartsman, Andrew Nathaniel"]
[Result "1-0"]
[WhiteElo "2619"]
[BlackElo "2329"]
[PlyCount "61"]
[GameId "1166659027099648"]
[EventDate "2014.12.27"]
[EventType "team-swiss"]
[EventRounds "6"]
[EventCountry "USA"]
[SourceTitle "CBM 164 Extra"]
[Source "ChessBase"]
[SourceDate "2015.03.02"]
[SourceVersion "1"]
[SourceVersionDate "2015.03.02"]
[SourceQuality "1"]
[WhiteTeam "UTBR"]
[BlackTeam "NYU"]
[WhiteTeamCountry "USA"]
[BlackTeamCountry "USA"]

1. c4 g6 2. d4 Nf6 3. Nf3 Bg7 4. Nc3 d6 5. e4 O-O 6. Be2 e5 7. Be3 Ng4 8. Bg5 f6 9. Bh4 g5 10. Bg3 Nh6 11. h3 exd4 12. Nxd4 Nc6 13. O-O Nxd4 14. Qxd4 f5 15. Qd5+ Kh8 16. exf5 Nxf5 17. Bh2 Nd4 18. Bg4 Bd7 19. Bxd7 Qxd7 20. Rad1 Rae8 21. c5 Rf5 22. Qxb7 Rxc5 23. Rfe1 Rf8 24. Ne4 Rb5 25. Qxa7 Nc6 26. Qe3 Rxb2 27. Bg3 Be5 28. Qxg5 Bxg3 29. Qxg3 Rxa2 30. Qc3+ Kg8 31. Qc4+ 1-0

[Event "Brownsville Spring Break"]
[Site "Brownsville"]
[Date "2015.03.11"]
[Round "8"]
[White "Ynojosa Aponte, Felix Jose"]
[Black "Kovalyov, Anton"]
[Result "0-1"]
[WhiteElo "2432"]
[BlackElo "2625"]
[PlyCount "70"]
[GameId "1166659176591360"]
[EventDate "2015.03.06"]
[EventType "tourn"]
[EventRounds "9"]
[EventCountry "USA"]
[EventCategory "9"]
[SourceTitle "CBM 165 Extra"]
[Source "ChessBase"]
[SourceDate "2015.04.21"]
[SourceVersion "1"]
[SourceVersionDate "2015.04.21"]
[SourceQuality "1"]

1. e4 c5 2. c3 Nf6 3. e5 Nd5 4. Nf3 g6 5. Bc4 Nb6 6. Bb3 Bg7 7. O-O O-O 8. d4 cxd4 9. Qxd4 Nc6 10. Qf4 d6 11. exd6 e5 12. Qg3 Qxd6 13. Na3 Kh8 14. Nb5 Qe7 15. Re1 f6 16. Be3 a6 17. Na3 Qc7 18. Rad1 Na5 19. Qh4 Nxb3 20. Qb4 Nd4 21. cxd4 Nd5 22. Qb3 Nxe3 23. Rxe3 Bf5 24. dxe5 fxe5 25. Ng5 Qe7 26. Ne4 Be6 27. Qb6 Bxa2 28. Nd6 Bg8 29. Qxb7 Qxb7 30. Nxb7 Rab8 31. Rd7 Be6 32. Rc7 Bd5 33. Nd6 Rbd8 34. Rd3 Rxd6 35. Rc5 Rfd8 0-1

[Event "American Continental 11th"]
[Site "Montevideo"]
[Date "2015.05.16"]
[Round "2"]
[White "Kovalyov, Anton"]
[Black "Lanzilotta Mernies, Marcelo"]
[Result "1-0"]
[WhiteElo "2613"]
[BlackElo "2006"]
[PlyCount "73"]
[GameId "1166659376500736"]
[EventDate "2015.05.15"]
[EventType "swiss"]
[EventRounds "11"]
[EventCountry "URU"]
[SourceTitle "CBM 167"]
[Source "ChessBase"]
[SourceDate "2015.07.13"]
[SourceVersion "1"]
[SourceVersionDate "2015.07.13"]
[SourceQuality "1"]

1. Nf3 c5 2. c4 Nf6 3. Nc3 Nc6 4. g3 g6 5. Bg2 Bg7 6. d4 cxd4 7. Nxd4 Nxd4 8. Qxd4 O-O 9. O-O d6 10. Qd3 Rb8 11. Bd2 Be6 12. Rac1 Re8 13. b3 Bd7 14. Rfd1 Bc6 15. e4 a6 16. Bf4 Qa5 17. h3 Nd7 18. Bd2 Qd8 19. Nd5 e6 20. Nb4 Qc7 21. Bf4 Be5 22. Bxe5 dxe5 23. Nxc6 Nc5 24. Qd6 Qxc6 25. Qxe5 Rbd8 26. Qg5 Qb6 27. Qe3 Qb4 28. e5 a5 29. Rd6 a4 30. bxa4 Nxa4 31. Qb3 Qa5 32. Qb5 Qxb5 33. cxb5 b6 34. Rc4 Rxd6 35. exd6 Nc5 36. a4 Rb8 37. a5 1-0

[Event "American Continental 11th"]
[Site "Montevideo"]
[Date "2015.05.20"]
[Round "7"]
[White "Matamoros Franco, Carlos S"]
[Black "Kovalyov, Anton"]
[Result "1/2-1/2"]
[WhiteElo "2525"]
[BlackElo "2613"]
[PlyCount "53"]
[GameId "1166659378049024"]
[EventDate "2015.05.15"]
[EventType "swiss"]
[EventRounds "11"]
[EventCountry "URU"]
[SourceTitle "CBM 167"]
[Source "ChessBase"]
[SourceDate "2015.07.13"]
[SourceVersion "1"]
[SourceVersionDate "2015.07.13"]
[SourceQuality "1"]

1. Nf3 Nf6 2. c4 e6 3. g3 d5 4. Bg2 Be7 5. O-O O-O 6. d4 c6 7. Nbd2 b6 8. Qc2 Bb7 9. e4 Na6 10. a3 c5 11. exd5 exd5 12. dxc5 Nxc5 13. b4 Ne6 14. Bb2 Rc8 15. Ne5 Nd7 16. Qf5 Nxe5 17. Bxe5 Qd7 18. cxd5 Bxd5 19. Ne4 Nc5 20. Qxd7 Nxd7 21. Bd6 Bxe4 22. Bxe7 Bxg2 23. Kxg2 Rfe8 24. Rfe1 f6 25. Bd6 Kf7 26. Rxe8 Rxe8 27. Rc1 1/2-1/2

[Event "US Masters op"]
[Site "Greensboro"]
[Date "2015.08.30"]
[Round "6"]
[White "Kovalyov, Anton"]
[Black "Troff, Kayden W"]
[Result "1/2-1/2"]
[WhiteElo "2616"]
[BlackElo "2532"]
[PlyCount "96"]
[GameId "1166659751063552"]
[EventDate "2015.08.27"]
[EventType "swiss"]
[EventRounds "9"]
[EventCountry "USA"]
[SourceTitle "EXT 2016"]
[Source "ChessBase"]
[SourceDate "2015.10.08"]
[SourceVersion "1"]
[SourceVersionDate "2015.10.08"]
[SourceQuality "1"]

1. Nf3 Nf6 2. c4 g6 3. Nc3 d5 4. cxd5 Nxd5 5. Qb3 Nb6 6. d4 Bg7 7. Bf4 Be6 8. Qa3 c5 9. Qxc5 Nc6 10. e3 Rc8 11. Qa3 O-O 12. Be2 Nc4 13. Qa4 Nxb2 14. Qb5 Qb6 15. Qxb6 axb6 16. Rb1 Na5 17. Rxb2 Rxc3 18. O-O Bc4 19. Rfb1 Ra8 20. g4 h6 21. Kf1 Bd5 22. Nd2 Nc6 23. Rb5 e6 24. Rxb6 g5 25. Bg3 Rxa2 26. Nf3 Be4 27. R1b2 Rxb2 28. Rxb2 Nxd4 29. exd4 Bxf3 30. Bxf3 Rxf3 31. Be5 Bxe5 32. dxe5 Rf4 33. h3 Re4 34. Rb5 Kg7 35. Kg2 Rd4 36. Rxb7 Rd5 37. Kg3 Rxe5 38. h4 gxh4+ 39. Kxh4 Kg6 40. Kg3 Rg5 41. f4 Ra5 42. Rb3 f5 43. gxf5+ Kxf5 44. Kf3 h5 45. Rc3 h4 46. Rb3 h3 47. Kg3 Rd5 48. Re3 e5 1/2-1/2

[Event "US Masters op"]
[Site "Greensboro"]
[Date "2015.08.31"]
[Round "9"]
[White "Zierk, Steven C"]
[Black "Kovalyov, Anton"]
[Result "1/2-1/2"]
[WhiteElo "2503"]
[BlackElo "2616"]
[PlyCount "85"]
[GameId "1166659751170048"]
[EventDate "2015.08.27"]
[EventType "swiss"]
[EventRounds "9"]
[EventCountry "USA"]
[SourceTitle "EXT 2016"]
[Source "ChessBase"]
[SourceDate "2015.10.08"]
[SourceVersion "1"]
[SourceVersionDate "2015.10.08"]
[SourceQuality "1"]

1. e4 c5 2. Nf3 d6 3. d4 cxd4 4. Nxd4 Nf6 5. Nc3 a6 6. Be3 e5 7. Nf3 Be7 8. Bc4 O-O 9. O-O Qc7 10. Bb3 Be6 11. Qe2 Rc8 12. Bg5 Nbd7 13. Rfd1 b5 14. a3 Rab8 15. Nd2 Nc5 16. Bxf6 Nxb3 17. cxb3 Bxf6 18. b4 Bg5 19. Nf1 Bb3 20. Re1 Qb6 21. Ne3 Bxe3 22. Qxe3 Qxe3 23. Rxe3 Bc4 24. Rc1 Kf8 25. Nd1 Ke7 26. Rec3 Kd7 27. Ne3 Be6 28. Kf1 g6 29. Nd5 Rxc3 30. Rxc3 Bxd5 31. exd5 Rc8 32. Ke2 f5 33. Kd2 Rc7 34. h4 Kc8 35. g3 Kd7 36. Rxc7+ Kxc7 37. f3 Kd7 38. g4 g5 39. hxg5 fxg4 40. g6 hxg6 41. fxg4 g5 42. Ke3 Ke7 43. Kd3 1/2-1/2

[Event "Pan American Intercollegiate-chT"]
[Site "Cleveland"]
[Date "2015.12.30"]
[Round "6"]
[White "Kovalyov, Anton"]
[Black "Shimanov, Aleksandr"]
[Result "1/2-1/2"]
[WhiteElo "2605"]
[BlackElo "2622"]
[PlyCount "35"]
[GameId "1166660168060928"]
[EventDate "2015.12.27"]
[EventType "team-swiss"]
[EventRounds "6"]
[EventCountry "USA"]
[SourceTitle "CBM 170 Extra"]
[Source "ChessBase"]
[SourceDate "2016.02.25"]
[SourceVersion "1"]
[SourceVersionDate "2016.02.25"]
[SourceQuality "1"]
[WhiteTeam "Texas Rio Grande Valley Univ"]
[BlackTeam "Webster Univ III"]
[WhiteTeamCountry "USA"]
[BlackTeamCountry "USA"]

1. Nf3 d5 2. d4 Nf6 3. c4 c6 4. e3 a6 5. Bd3 Bg4 6. Nbd2 e6 7. Qc2 dxc4 8. Qxc4 Nbd7 9. Qb3 Qc7 10. a4 Be7 11. O-O O-O 12. e4 Bh5 13. Qc2 Kh8 14. b3 Rac8 15. Bb2 c5 16. Rac1 Qb8 17. Qb1 cxd4 18. Bxd4 1/2-1/2

[Event "American Continental 13th"]
[Site "Medellin"]
[Date "2017.06.18"]
[Round "11"]
[White "Kovalyov, Anton"]
[Black "Fernandez Sanchez, Fernando Miguel"]
[Result "1-0"]
[WhiteElo "2643"]
[BlackElo "2416"]
[PlyCount "165"]
[GameId "1131665664503808"]
[EventDate "2017.06.10"]
[EventType "swiss"]
[EventRounds "11"]
[EventCountry "COL"]
[SourceTitle "CBM 178 Extra"]
[Source "ChessBase"]
[SourceDate "2017.06.22"]
[SourceVersion "1"]
[SourceVersionDate "2017.06.22"]
[SourceQuality "1"]

1. c4 e6 2. g3 d5 3. Bg2 Nf6 4. Nf3 Be7 5. O-O O-O 6. d4 c6 7. Qc2 b6 8. Rd1 Nbd7 9. b3 h6 10. Nc3 Ba6 11. Nd2 Rc8 12. e4 dxc4 13. Nxc4 b5 14. Ne3 Qb6 15. a3 c5 16. d5 c4 17. bxc4 bxc4 18. Rb1 Qc5 19. Qa4 Qd6 20. dxe6 Qxe6 21. Ned5 Nc5 22. Nxe7+ Qxe7 23. Qa5 Bb7 24. Bf4 Bxe4 25. Re1 Rfe8 26. Nxe4 Ncxe4 27. Rb5 Qd7 28. Rbb1 c3 29. Rbd1 Qe7 30. Be3 Qc7 31. Qxa7 Qxa7 32. Bxa7 Ra8 33. Bd4 Rxa3 34. Rc1 Rd8 35. Be5 Nc5 36. Bxc3 Ne6 37. h4 Ra6 38. Bh3 Rad6 39. Be5 Ra6 40. Rb1 Nc5 41. Rb5 Ne6 42. Kg2 Nd7 43. Bc3 Ndc5 44. h5 Ra2 45. Re3 Ra3 46. Ba5 Rxe3 47. Bxd8 Re5 48. f4 Re2+ 49. Kf1 Re3 50. Bh4 g5 51. hxg6 fxg6 52. Kf2 Rc3 53. Bxe6+ Nxe6 54. Bf6 Rc5 55. Rb7 Rc7 56. Rb8+ Kf7 57. Be5 Rc2+ 58. Ke3 h5 59. Rb7+ Ke8 60. Bd6 Kd8 61. Re7 Nc7 62. Rg7 Ne8 63. Rxg6 Nxd6 64. Rxd6+ Ke7 65. Rd5 Rh2 66. Rf5 Ke6 67. Rf8 Ke7 68. Rh8 Kf6 69. Rh6+ Kg7 70. Rd6 Rh1 71. f5 Rf1 72. Ke4 Rf2 73. Rg6+ Kf7 74. Rh6 Rh2 75. Ra6 Rf2 76. Rb6 Rf1 77. Ke5 Re1+ 78. Kf4 Rf1+ 79. Kg5 Rf3 80. Rb7+ Kg8 81. g4 hxg4 82. Kg6 Kf8 83. f6 1-0

[Event "ESP-chT CECLUB Honor"]
[Site "Linares"]
[Date "2017.08.14"]
[Round "1.3"]
[White "Erdos, Viktor"]
[Black "Kovalyov, Anton"]
[Result "1/2-1/2"]
[WhiteElo "2628"]
[BlackElo "2641"]
[PlyCount "69"]
[GameId "1152013714542592"]
[EventDate "2017.08.14"]
[EventType "team-tourn"]
[EventRounds "7"]
[EventCountry "ESP"]
[SourceTitle "CBM 180 Extra"]
[Source "ChessBase"]
[SourceDate "2017.10.06"]
[SourceVersion "1"]
[SourceVersionDate "2017.10.06"]
[SourceQuality "1"]
[WhiteTeam "Beniajan Duochess CAC"]
[BlackTeam "Equigoma Social Catolica"]
[WhiteTeamCountry "ESP"]
[BlackTeamCountry "ESP"]

1. Nf3 Nf6 2. c4 e6 3. Nc3 d5 4. d4 a6 5. cxd5 exd5 6. Qb3 h6 7. Bf4 Bd6 8. Bxd6 Qxd6 9. e3 Nc6 10. Bd3 O-O 11. h3 Be6 12. Rc1 Ne7 13. O-O b6 14. Rfd1 Rfc8 15. Ne2 Bf5 16. Bxf5 Nxf5 17. Nf4 Ne7 18. Rc2 a5 19. Rdc1 Ne4 20. Nd2 Nxd2 21. Rxd2 a4 22. Qd3 c6 23. Rdc2 Ra7 24. Ne2 Ra5 25. Ng3 Rc7 26. Ne2 Rc8 27. Qd2 Raa8 28. Nc3 Qg6 29. Qd1 Ra5 30. Rd2 Rca8 31. a3 Qe6 32. Na2 Rd8 33. Nc3 Rda8 34. Na2 Rd8 35. Nc3 1/2-1/2

[Event "Pan American Intercollegiate-chT"]
[Site "Columbus"]
[Date "2017.12.29"]
[Round "4.1"]
[White "Kovalyov, Anton"]
[Black "Shimanov, Aleksandr"]
[Result "1/2-1/2"]
[WhiteElo "2652"]
[BlackElo "2641"]
[PlyCount "34"]
[GameId "1202719478292480"]
[EventDate "2017.12.27"]
[EventType "team-swiss"]
[EventRounds "6"]
[EventCountry "USA"]
[SourceTitle "CBM 182 Extra"]
[Source "ChessBase"]
[SourceDate "2018.02.23"]
[SourceVersion "1"]
[SourceVersionDate "2018.02.23"]
[SourceQuality "1"]
[WhiteTeam "Texas Dallas Univ"]
[BlackTeam "Webster"]
[WhiteTeamCountry "USA"]
[BlackTeamCountry "USA"]

1. c4 e6 2. g3 d5 3. Bg2 Nf6 4. Nf3 Be7 5. O-O O-O 6. d4 Nbd7 7. b3 dxc4 8. bxc4 c5 9. e3 Qc7 10. Qb3 b6 11. Nc3 Bb7 12. Nb5 Qc8 13. Bb2 cxd4 14. exd4 a6 15. Nc3 b5 16. cxb5 axb5 17. Rfc1 b4 1/2-1/2

[Event "Chicago op 27th"]
[Site "Chicago"]
[Date "2018.05.26"]
[Round "4"]
[White "Kovalyov, Anton"]
[Black "Hong, Andrew Z"]
[Result "1-0"]
[WhiteElo "2660"]
[BlackElo "2395"]
[PlyCount "171"]
[GameId "1255976050864128"]
[EventDate "2018.05.24"]
[EventType "swiss"]
[EventRounds "9"]
[EventCountry "USA"]
[SourceTitle "CBM 184 Extra"]
[Source "ChessBase"]
[SourceDate "2018.06.28"]
[SourceVersion "1"]
[SourceVersionDate "2018.06.28"]
[SourceQuality "1"]

1. c4 e6 2. g3 d5 3. Bg2 Nf6 4. Nf3 dxc4 5. Qa4+ Nbd7 6. Qxc4 a6 7. Qb3 Rb8 8. a4 b5 9. axb5 axb5 10. Nc3 c5 11. d3 Qb6 12. O-O Bb7 13. Be3 Be7 14. Bf4 Bd6 15. Bxd6 Qxd6 16. Ra5 b4 17. Nb1 O-O 18. Nbd2 Ra8 19. Rfa1 Rxa5 20. Rxa5 Ra8 21. Rxa8+ Bxa8 22. Qa4 Bb7 23. Nc4 Qa6 24. Qxa6 Bxa6 25. Nfd2 Kf8 26. Kf1 Ke7 27. Ke1 Nd5 28. Kd1 Bb5 29. Kc2 Ba4+ 30. Kc1 Bb5 31. h3 h6 32. Na5 Kd6 33. Ndc4+ Ke7 34. Kc2 Ba4+ 35. Kd2 Bb5 36. f4 g6 37. Bf3 h5 38. e3 N5b6 39. Bb7 Bxc4 40. dxc4 f5 41. e4 Nb8 42. e5 Kd7 43. Bf3 Kc7 44. Kc2 Nc8 45. Kb3 Kb6 46. Nb7 Nd7 47. Nd8 Nf8 48. Ka4 Ne7 49. Bg2 Nc8 50. Nc6 Nd7 51. Kb3 Kc7 52. Kc2 Ndb6 53. Na5 Nd7 54. Bc6 Nf8 55. Be8 Ne7 56. Kb3 Kb6 57. Ka4 Nh7 58. Nb3 Nf8 59. Nd2 Ng8 60. Nf3 Ka6 61. Nh4 Ne7 62. Bf7 Nc6 63. Kb3 Ne7 64. Ka4 Nc6 65. Nf3 Kb6 66. Be8 Na5 67. Bb5 Nh7 68. h4 Nf8 69. Ng5 Nb7 70. Nf7 Kc7 71. Ba6 Nd8 72. Nxd8 Kxd8 73. Kb5 Nd7 74. Bb7 Nb8 75. Kxc5 Kc7 76. Bf3 b3 77. Kb5 Nd7 78. c5 Nf8 79. Bd1 Kb7 80. Bxb3 g5 81. hxg5 Ng6 82. Bxe6 h4 83. Bxf5 hxg3 84. Bxg6 g2 85. Be4+ Ka7 86. Bxg2 1-0

[Event "Chicago op 27th"]
[Site "Chicago"]
[Date "2018.05.28"]
[Round "9"]
[White "Kovalyov, Anton"]
[Black "Azarov, Sergei Nikolaevich"]
[Result "1/2-1/2"]
[WhiteElo "2660"]
[BlackElo "2560"]
[PlyCount "73"]
[GameId "1258497644650496"]
[EventDate "2018.05.24"]
[EventType "swiss"]
[EventRounds "9"]
[EventCountry "USA"]
[SourceTitle "CBM 184 Extra"]
[Source "ChessBase"]
[SourceDate "2018.06.28"]
[SourceVersion "1"]
[SourceVersionDate "2018.06.28"]
[SourceQuality "1"]

1. c4 e6 2. g3 d5 3. Bg2 Nf6 4. Nf3 d4 5. O-O c5 6. e3 Nc6 7. exd4 cxd4 8. d3 Bd6 9. Bg5 h6 10. Bxf6 Qxf6 11. Nbd2 Qe7 12. Re1 O-O 13. a3 a5 14. Rc1 Rd8 15. Nh4 Bc7 16. c5 Bd7 17. Ne4 Be8 18. Nd6 Bxd6 19. cxd6 Qxd6 20. Nf3 Rac8 21. Qb3 b5 22. Qxb5 Rb8 23. Qa6 Rxb2 24. Red1 Qxa3 25. Rxc6 Bxc6 26. Qxc6 Qb3 27. Rf1 Qxd3 28. Qc7 Rf8 29. Qxa5 Qc3 30. Qe5 Rd8 31. Qf4 d3 32. Ne5 f5 33. Nc6 Rd7 34. Ne5 Rd8 35. Nc6 Rd7 36. Ne5 Rd8 37. Nc6 1/2-1/2

[Event "Varennes op"]
[Site "Varennes CAN"]
[Date "2018.10.06"]
[Round "2.1"]
[White "Talukdar, Rohan"]
[Black "Kovalyov, Anton"]
[Result "1/2-1/2"]
[WhiteElo "2279"]
[BlackElo "2644"]
[PlyCount "176"]
[GameId "2160767740723552"]
[EventDate "2018.10.05"]
[EventType "swiss"]
[EventRounds "5"]
[EventCountry "CAN"]
[WhiteClock "0:18:45"]
[BlackClock "0:47:08"]

1. e4 c5 2. Nf3 d6 3. d4 cxd4 4. Nxd4 Nf6 5. Nc3 a6 6. Be3 e5 7. Nb3 Be7 8. f3 h5 9. Qd2 Be6 10. Nd5 Bxd5 11. exd5 Nbd7 12. Be2 Qc7 13. c4 a5 14. Rc1 h4 15. O-O a4 16. Na1 Nh5 17. Rfd1 Qd8 18. b4 axb3 19. axb3 Nf4 20. Bf1 Bg5 21. Nc2 Ra2 22. Qc3 Qf6 23. Ra1 Rxa1 24. Rxa1 O-O 25. Ra7 Rb8 26. Qd2 Qg6 27. Kh1 Nf6 28. g3 hxg3 29. hxg3 Qh5+ 30. Kg1 Nh3+ 31. Bxh3 Bxe3+ 32. Nxe3 Qxh3 33. Qh2 Qc8 34. Qd2 e4 35. f4 b5 36. Kg2 bxc4 37. bxc4 Ng4 38. Nxg4 Qxg4 39. Ra3 Kh7 40. Re3 f5 41. Qe2 Qg6 42. g4 Qf6 43. Kg3 Rb2 44. Qe1 g5 45. gxf5 Qh6 46. fxg5 Qxg5+ 47. Kh3 Qxf5+ 48. Kg3 Qe5+ 49. Kg4 Kg6 50. Qg3 Qg5+ 51. Kh3 Qxg3+ 52. Kxg3 Kf5 53. c5 dxc5 54. Rc3 Rb5 55. d6 Ke6 56. Kf4 Kxd6 57. Kxe4 Rb2 58. Ra3 Kc6 59. Kd3 Rh2 60. Ra8 Kb5 61. Rb8+ Ka4 62. Kc3 Rh4 63. Ra8+ Kb5 64. Rb8+ Kc6 65. Rc8+ Kd6 66. Rd8+ Kc7 67. Rd5 Kb6 68. Rd8 Rh3+ 69. Kc4 Rh4+ 70. Kc3 Re4 71. Rb8+ Kc7 72. Rh8 Kd7 73. Rh5 Kd6 74. Rh8 Re6 75. Rd8+ Kc7 76. Rh8 Re4 77. Rg8 Rd4 78. Rh8 Kb7 79. Rg8 Rh4 80. Rf8 Kc7 81. Rg8 Kd6 82. Rd8+ Ke6 83. Re8+ Kd7 84. Rg8 Ke6 85. Re8+ Kf6 86. Rc8 c4 87. Rxc4 Rxc4+ 88. Kxc4 Ke6 1/2-1/2

[Event "Varennes op"]
[Site "Varennes CAN"]
[Date "2018.10.06"]
[Round "3.5"]
[White "Yu, Zong Yang"]
[Black "Kovalyov, Anton"]
[Result "0-1"]
[WhiteElo "2466"]
[BlackElo "2615"]
[PlyCount "42"]
[GameId "2160767908093936"]
[EventDate "2018.10.05"]
[EventType "swiss"]
[EventRounds "5"]
[EventCountry "CAN"]

1. d4 Nf6 2. c4 e6 3. Nf3 b6 4. g3 c6 5. Bg2 d5 6. O-O Be7 7. Qc2 O-O 8. Nbd2 Bb7 9. e4 Na6 10. a3 dxc4 11. Nxc4 c5 12. e5 Nd5 13. dxc5 Nxc5 14. b4 Nd7 15. Bb2 Rc8 16. Qb3 b5 17. Na5 Ba8 18. Rfc1 Nc5 19. Qd1 Na4 20. Bd4 Ndc3 21. Qd2 Bxf3 0-1

[Event "Varennes op"]
[Site "Varennes CAN"]
[Date "2018.10.07"]
[Round "4.2"]
[White "Kovalyov, Anton"]
[Black "Vera, Reynaldo"]
[Result "1-0"]
[WhiteElo "2644"]
[BlackElo "2434"]
[PlyCount "107"]
[GameId "2160767740731753"]
[EventDate "2018.10.05"]
[EventType "swiss"]
[EventRounds "5"]
[EventCountry "CAN"]
[WhiteClock "0:35:56"]
[BlackClock "0:26:24"]

1. c4 e6 2. Nf3 Nf6 3. Nc3 d5 4. e3 a6 5. b3 c5 6. Bb2 Nc6 7. cxd5 exd5 8. d4 Bg4 9. Be2 Bxf3 10. Bxf3 cxd4 11. exd4 Bd6 12. O-O O-O 13. Re1 Qd7 14. Na4 Rae8 15. Nc5 Rxe1+ 16. Qxe1 Qc7 17. g3 Re8 18. Qd1 Ne4 19. Rc1 f5 20. b4 Qf7 21. Qb3 Bxc5 22. bxc5 Na5 23. Qd3 Nc4 24. Bc3 Ng5 25. Bg2 f4 26. gxf4 Ne4 27. Re1 Qxf4 28. Bxe4 Rxe4 29. Rxe4 Qxe4 30. Qxe4 dxe4 31. d5 Kf7 32. Kg2 g5 33. Kf1 h5 34. Ke2 g4 35. Bd4 Ke7 36. Kd1 Kd7 37. Kc2 Na3+ 38. Kd2 h4 39. Ke3 Nc4+ 40. Kxe4 Nd2+ 41. Kf5 Nf3 42. Be5 a5 43. Bf4 Ne1 44. Kxg4 Nd3 45. Be3 a4 46. a3 Ne5+ 47. Kxh4 Nc4 48. Bc1 b6 49. c6+ Ke7 50. Kg5 b5 51. h4 Nb6 52. d6+ Kxd6 53. h5 Ke7 54. h6 1-0

[Event "Varennes op"]
[Site "Varennes CAN"]
[Date "2018.10.07"]
[Round "5.2"]
[White "Gomez Garrido, Camilo Ernesto"]
[Black "Kovalyov, Anton"]
[Result "0-1"]
[WhiteElo "2492"]
[BlackElo "2644"]
[PlyCount "118"]
[GameId "2160767740731757"]
[EventDate "2018.10.05"]
[EventType "swiss"]
[EventRounds "5"]
[EventCountry "CAN"]
[WhiteClock "0:34:31"]
[BlackClock "0:45:39"]

1. e4 c5 2. Nf3 d6 3. d4 cxd4 4. Nxd4 Nf6 5. Nc3 a6 6. Bg5 Nbd7 7. Bc4 Qb6 8. Bb3 e6 9. Qd2 Be7 10. O-O-O Nc5 11. f3 h6 12. Be3 Qc7 13. g4 b5 14. Kb1 Bd7 15. a3 Qb7 16. h4 b4 17. axb4 Qxb4 18. g5 Nh5 19. gxh6 gxh6 20. Ba2 Rb8 21. Nb3 Nxb3 22. Bxb3 a5 23. Bd4 Rf8 24. Ne2 Qxd2 25. Rxd2 Rg8 26. Bc4 Rg6 27. c3 e5 28. Be3 f5 29. exf5 Bxf5+ 30. Bd3 Bxd3+ 31. Rxd3 Ng7 32. Rg1 Rxg1+ 33. Bxg1 Nf5 34. f4 Kf7 35. fxe5 dxe5 36. Rd5 Ke6 37. Rxa5 Rg8 38. Ra6+ Kd5 39. Ra5+ Ke4 40. c4 Nxh4 41. Nc3+ Kf5 42. Bb6 Bb4 43. Ra7 Bxc3 44. bxc3 h5 45. c5 Nf3 46. Rf7+ Kg4 47. Kc2 h4 48. c6 h3 49. c7 h2 50. Rg7+ Rxg7 51. c8=Q+ Kg3 52. Qh8 Rg4 53. Qh5 Rg5 54. Qh6 Kg2 55. Be3 Rg3 56. Bf4 exf4 57. Qe6 h1=Q 58. Qe2+ Kg1 59. Qd1+ Kh2 0-1